00526nam a22001817i 45000010005000000030004000050050017000090070003000260080041000290200015000700240014000850240020000990400008001192450060001272600067001874900040002541100050002945999OSt20181119124230.0tu161220s2002 xxu||||| |||| 00| 0 d a393096369X7 a59992RID7 a59992RSN (alt) cOSt00aDie wirtschaftliche Lage RusslandsbNeunzehnter Bericht aHalle :bInstitut für Wirtschaftsforschung Halle IWH,c2002. aIWH Forschungsreihe - Sonderheftv12 aInstitut für Wirtschaftsforschung Halle IWH